000 00438nam a2200181Ia 4500
001 16716
005 20260306170331.0
008 260306t2007||||xx |||||||||||||| ||und||
041 _aESP
082 _a349.7
_bH41
100 _aHervada, Javier
_eAUT
245 0 _aIntroducción al estudio del derecho Canónico
260 _c2007
300 _a121 páginas :
_c24 cm
650 _aGEN
654 _aCDE
942 _cLIB
_dJUS
_fJUS
_2ddc
_n
999 _c16716
_d16716